000 00958cam a2200289 4500
001 12767
005 20230410132838.0
008 060907s1992 sp spa
020 _a8474235529
035 _9funglode12868
041 _aspa
050 1 4 _aB DA 574
_bK44e 1992
100 1 _aKeynes, John Maynard,
_d1883-1946.
245 1 0 _aEnsayos biográficos :
_bpolíticos y economistas /
_cJohn Maynard Keynes ; traducción castellana de Octavi Pellissa.
260 _aBarcelona :
_bCritica,
_c1992
300 _a384 p. ;
_c20 cm.
440 0 _aSerie general ; 224
500 _aTítulo original. : Essays in biography.
651 4 _aInglaterra
_vBiografías.
650 4 _aEstadistas
_zInglaterra
_vBiografías.
650 4 _aEconomistas
_zInglaterra
_vBiografías.
651 0 _aGreat Britain
_vBiography.
650 0 _aStatesmen
_zGreat Britain.
650 0 _aEconomists
_zGreat Britain.
700 1 _aPellissa, Octavi, tr.
942 _2lcc
_cbk
999 _c88815
_d88815